000 00972nam a22002897a 4500
003 CHAP
005 20220329140023.0
008 971013s1981 r 00010 d
010 _a45688
011 _a46660
035 _a50801
040 _cCHAP
090 _aTesis
100 0 0 _aRemolina Menendez, Teresa R.
_995880
245 _aDeterminación del momento óptimo de servicio por medio de citología exfoliativa vaginal en conejos de raza Nueva Zelanda
260 _aMéxico, D. F. :
_bEl autor,
_c1981
300 _a25 h.
502 _aTesis (Médico Veterinario Zootecnista) -- UNAM. Facultad de Medicina Veterinaria y Zootecnia
590 _aALEPH
_b10
_c20130110
_lUCH01
_h1315
590 _aBATCH-UPD
_b10
_c20130110
_lUCH01
_h1352
590 _aCONVERSION
_b10
_c20130109
_lUCH01
_h1325
650 1 4 _aConejos
_xFecundidad.
_926366
650 1 4 _aConejos
_xRazas.
_926377
901 _aBK
942 _cTESIS
949 _bBC
_cTES
_d-114062
_eTS1
_h18577
_i50801
_si
999 _c45688
_d45688